000 00300nam a22001337a 4500
008 170221b xxu||||| |||| 00| 0 eng d
020 _a9781563638008
041 _aeng
080 _266TH
_a615
100 _a5
101 _aSHF
245 _aPHYSICIANS' DESK REFERENCE
_cWOODCOCK, J
942 _2udc
_cBK
999 _c5973
_d5973